Catholic University of Zimbabwe Library
Online Public Access Catalogue
(OPAC)

Mission To kala. (Record no. 5527)

MARC details
000 -LEADER
fixed length control field 00480nam a22001812 4500
001 - CONTROL NUMBER
control field 0000005752
005 - DATE AND TIME OF LATEST TRANSACTION
control field 20170406120950.0
008 - FIXED-LENGTH DATA ELEMENTS--GENERAL INFORMATION
fixed length control field 150407s xx 000 0 eng d
020 ## - INTERNATIONAL STANDARD BOOK NUMBER
International Standard Book Number 9781856571098 :
Terms of availability $
040 ## - CATALOGING SOURCE
Original cataloging agency Your Holding Symbol
Transcribing agency Your Holding Symbol
100 1# - MAIN ENTRY--PERSONAL NAME
Personal name Mongo Beti.
245 10 - TITLE STATEMENT
Title Mission To kala.
250 ## - EDITION STATEMENT
Edition statement ed.
260 ## - PUBLICATION, DISTRIBUTION, ETC.
Place of publication, distribution, etc. England :
Name of publisher, distributor, etc. Mallorry,
Date of publication, distribution, etc. 2008.
300 ## - PHYSICAL DESCRIPTION
Extent 168 p. ;
Dimensions cm.
650 #0 - SUBJECT ADDED ENTRY--TOPICAL TERM
Topical term or geographic name entry element literarture.
908 ## - PUT COMMAND PARAMETER (RLIN)
Put command parameter 150407
Holdings
Withdrawn status Lost status Source of classification or shelving scheme Damaged status Not for loan Home library Current library Shelving location Date acquired Total Checkouts Full call number Barcode Date last seen Date last checked out Copy number Price effective from Koha item type Source of acquisition Cost, normal purchase price Inventory number Cost, replacement price
Withdrawn         CUZ Harare Campus CUZ Harare Campus Open Shelf 06.04.2017 1 PR 6052.E8. M5 BK0006966 22.06.2022 17.06.2022 1 06.04.2017 OS Book        
          CUZ Harare Campus CUZ Harare Campus Open Shelf 30.09.2019   PR 6052.E8. M5 BK008514 22.05.2025   2 22.08.2019 OS Book Purchased 20.56 CU13896 20.56

OPENING HOURS

Weekdays: 0815hrs - 1800hrs
Weekends:0900hrs - 1200hrs

Closed for Mass:

Mon, Thur: 1200hrs - 1300hrs
Sunday & Public Holiday’s

CALL SUPPORT

0242-570570, 0242-570169
09200664, +263 8644140602

LOCATION

18443, Cranborne Avenue, Hatfield, Harare

Other Links


©2021 | CUZ Library